[Event "Madrid-ch Previa A"]
[Site "Madrid"]
[Date "2023.02.21"]
[Round "8.20"]
[White "Martinez Miura, Enrique"]
[Black "Carrera Cabaneros, Francisco"]
[Result "1/2-1/2"]
[WhiteElo "1494"]
[BlackElo "1757"]
[PlyCount "68"]
[EventDate "2023.02.06"]
[EventType "swiss"]
[EventRounds "9"]
[EventCountry "ESP"]
[SourceTitle "EXT 2024"]
[Source "ChessBase"]
[SourceDate "2023.10.10"]
[SourceVersion "1"]
[SourceVersionDate "2023.10.10"]
[SourceQuality "1"]

1. e4 e6 2. d4 d5 3. exd5 exd5 4. Bd3 Nf6 5. Nf3 Be7 6. 0-0 0-0 7. Re1 Bg4 8. h3 Bh5 9. Bf4 c6 10. Nbd2 Nbd7 11. c3 Re8 12. Qc2 Bg6 13. Bxg6 hxg6 14. Re2 Nf8 15. Rae1 Ne6 16. Bh2 Bd6 17. Bxd6 Qxd6 18. g3 Re7 19. Ng5 Rae8 20. Nxe6 Rxe6 21. Qd3 Qd7 22. Kg2 R8e7 23. Rxe6 Rxe6 24. Rxe6 Qxe6 25. Qe3 Ne4 26. f3 Nxd2 27. Qxd2 Kf8 28. h4 Ke7 29. g4 f5 30. gxf5 gxf5 31. Qg5+ Qf6 32. Qe3+ Qe6 33. Qg5+ Qf6 34. Qe3+ Qe6 1/2-1/2

[Event "Madrid-ch Previa-A"]
[Site "Madrid"]
[Date "2013.02.20"]
[Round "9"]
[White "Carrera Cabaneros, Francisco"]
[Black "Caamano Jimenez, Luis"]
[Result "1-0"]
[WhiteElo "1795"]
[BlackElo "1764"]
[PlyCount "56"]
[EventDate "2013.02.04"]
[EventType "swiss"]
[EventRounds "9"]
[EventCountry "ESP"]
[SourceTitle "EXT 2018"]
[Source "ChessBase"]
[SourceDate "2017.10.13"]
[SourceVersion "1"]
[SourceVersionDate "2017.10.13"]
[SourceQuality "1"]

1. d4 d5 2. c4 c6 3. Nc3 Nf6 4. Nf3 e6 5. Bg5 Nbd7 6. e3 Qa5 7. Bxf6 Nxf6 8. Bd3 dxc4 9. Bxc4 Bb4 10. Qb3 0-0 11. 0-0 Bxc3 12. bxc3 Qc7 13. Ne5 b6 14. f4 Nd5 15. Rae1 f5 16. Rf3 Bb7 17. Rh3 Rf6 18. Bd3 a5 19. g4 Ba6 20. Bb1 g6 21. c4 Ne7 22. g5 Rff8 23. Rh6 Kg7 24. e4 Qd8 25. Qc3 fxe4 26. Rxe4 Nd5 27. cxd5 cxd5 28. Qh3 Rh8 1-0

[Event "Madrid-ch sf-A"]
[Site "Madrid"]
[Date "2012.04.10"]
[Round "1"]
[White "Carrera Cabaneros, Francisco"]
[Black "Spitzer Isbert, Ramon"]
[Result "0-1"]
[WhiteElo "1814"]
[BlackElo "2046"]
[PlyCount "60"]
[EventDate "2012.04.10"]
[EventType "swiss"]
[EventRounds "9"]
[EventCountry "ESP"]
[SourceTitle "CBM 148 Extra"]
[Source "ChessBase"]
[SourceDate "2012.06.22"]
[SourceVersion "1"]
[SourceVersionDate "2012.06.22"]
[SourceQuality "1"]

1. d4 Nf6 2. c4 c5 3. d5 b5 4. b3 Bb7 5. Nd2 g6 6. Bb2 Bg7 7. Qc2 0-0 8. e4 e6 9. Bd3 bxc4 10. bxc4 exd5 11. cxd5 Re8 12. Ne2 Ba6 13. 0-0 Qc7 14. Bxf6 Bxf6 15. Rac1 d6 16. Nc4 Bxc4 17. Qxc4 Nd7 18. f4 Rab8 19. Ng3 Rb2 20. Qa6 Bd4+ 21. Kh1 Reb8 22. h4 R8b6 23. Qa4 Qd8 24. Nf5 gxf5 25. g3 fxe4 26. Bxe4 Nf6 27. Bf5 Qa8 28. Rfe1 Qxd5+ 29. Be4 Ng4 30. Qe8+ Kg7 0-1

[Event "Madrid-ch Previa-A"]
[Site "Madrid"]
[Date "2012.02.21"]
[Round "8"]
[White "Carrera Cabaneros, Francisco"]
[Black "Camarero Izquierdo, Juan Carlos"]
[Result "0-1"]
[WhiteElo "1819"]
[BlackElo "1896"]
[PlyCount "68"]
[EventDate "2012.02.06"]
[EventType "swiss"]
[EventRounds "9"]
[EventCountry "ESP"]
[SourceTitle "CBM 147 Extra"]
[Source "ChessBase"]
[SourceDate "2012.04.24"]
[SourceVersion "1"]
[SourceVersionDate "2012.04.24"]
[SourceQuality "1"]

1. d4 f5 2. Nf3 Nf6 3. c4 e6 4. Nc3 Bb4 5. g3 b6 6. Bg2 Bb7 7. 0-0 Bxc3 8. bxc3 0-0 9. Bf4 Ne4 10. Qb3 d6 11. Ng5 Qf6 12. c5 d5 13. Nxe4 dxe4 14. Bxc7 Ba6 15. cxb6 axb6 16. Rfe1 Nd7 17. e3 Rfc8 18. Bd6 Bc4 19. Qb2 Rc6 20. Bb4 b5 21. Bf1 Nb6 22. Red1 h5 23. Bxc4 Nxc4 24. Qe2 h4 25. d5 exd5 26. Rxd5 Rca6 27. Rxb5 Ne5 28. a3 Nf3+ 29. Kh1 Qg5 30. Qc4+ Kh8 31. Qd5 hxg3 32. fxg3 Rd8 33. Qxf5 Rh6 34. Ra2 Rd1+ 0-1

[Event "Madrid-ch Previa-A"]
[Site "Madrid"]
[Date "2012.02.14"]
[Round "5"]
[White "Martin Consuegra, Barrilero Javier"]
[Black "Carrera Cabaneros, Francisco"]
[Result "1-0"]
[WhiteElo "1886"]
[BlackElo "1819"]
[PlyCount "137"]
[EventDate "2012.02.06"]
[EventType "swiss"]
[EventRounds "9"]
[EventCountry "ESP"]
[SourceTitle "CBM 147 Extra"]
[Source "ChessBase"]
[SourceDate "2012.04.24"]
[SourceVersion "1"]
[SourceVersionDate "2012.04.24"]
[SourceQuality "1"]

1. d4 d5 2. Bf4 Nf6 3. e3 e6 4. Bd3 c5 5. c3 c4 6. Be2 Be7 7. Nd2 Bd7 8. Ngf3 Qa5 9. Ne5 b5 10. 0-0 0-0 11. Bf3 b4 12. cxb4 Bxb4 13. Ndxc4 Qa6 14. Nxd7 Nbxd7 15. Ne5 Rac8 16. a3 Ba5 17. Nxd7 Nxd7 18. Be2 Qb7 19. Bd6 Rfd8 20. b4 Bc7 21. Bc5 f5 22. Qa4 Bb8 23. Ba6 Qc6 24. Qxc6 Rxc6 25. Bb5 Rcc8 26. Bxd7 Rxd7 27. a4 Rb7 28. Rab1 Bc7 29. Rb3 Rcb8 30. Rfb1 Kf7 31. g3 g5 32. f3 h5 33. Kg2 g4 34. fxg4 hxg4 35. h3 gxh3+ 36. Kxh3 Rh8+ 37. Kg2 Rg8 38. Rh1 Rxg3+ 39. Kf2 Kg7 40. Rbb1 Bb8 41. Rh5 Kf6 42. Rh6+ Rg6 43. Rxg6+ Kxg6 44. Rg1+ Kf7 45. Kf3 Bc7 46. Rh1 Kg7 47. Rh5 Bb8 48. Rh1 Bc7 49. Rb1 Kf7 50. b5 Bb8 51. b6 a6 52. Rh1 Kg7 53. a5 Rf7 54. Rh4 Rb7 55. Bb4 Rf7 56. Be1 Bd6 57. Bd2 Rb7 58. Rh1 Rf7 59. Rc1 Rf8 60. Rc6 Bb8 61. Rxe6 Kf7 62. Rc6 Rd8 63. Be1 Rg8 64. b7 Bh2 65. Rxa6 Rb8 66. Rb6 Bc7 67. Rb5 Ke6 68. a6 Rh8 69. a7 1-0

[Event "Madrid-ch Previa-A"]
[Site "Madrid"]
[Date "2012.02.07"]
[Round "2"]
[White "Greppi Gonzalez, Jose Luis"]
[Black "Carrera Cabaneros, Francisco"]
[Result "0-1"]
[WhiteElo "1641"]
[BlackElo "1819"]
[PlyCount "180"]
[EventDate "2012.02.06"]
[EventType "swiss"]
[EventRounds "9"]
[EventCountry "ESP"]
[SourceTitle "CBM 147 Extra"]
[Source "ChessBase"]
[SourceDate "2012.04.24"]
[SourceVersion "1"]
[SourceVersionDate "2012.04.24"]
[SourceQuality "1"]

1. e4 c5 2. a3 Nc6 3. Bc4 d6 4. h3 Nf6 5. Nc3 g6 6. d3 Bg7 7. Bd2 a6 8. Nce2 b5 9. Bd5 Bb7 10. Rb1 e6 11. Bxc6+ Bxc6 12. Nf3 d5 13. exd5 Nxd5 14. 0-0 Qc7 15. Ng3 0-0 16. Qc1 Rad8 17. Ne4 Bb7 18. Bh6 Ne7 19. Bxg7 Kxg7 20. Qg5 Rd5 21. Qg3 Qxg3 22. Nxg3 Rfd8 23. Rfe1 Nf5 24. Nxf5+ Rxf5 25. Nh2 h5 26. f3 Rd4 27. Re3 c4 28. Rbe1 cxd3 29. Rxd3 Rxd3 30. cxd3 Rc5 31. Re2 Kf6 32. Kf2 Rd5 33. Rd2 a5 34. d4 Kg5 35. Nf1 Rd7 36. g3 e5 37. h4+ Kf6 38. Ke3 exd4+ 39. Rxd4 Rxd4 40. Kxd4 Bxf3 41. Ne3 g5 42. Kc5 gxh4 43. gxh4 Be2 44. Nd5+ Ke5 45. Nc3 Bd3 46. Nxb5 Bxb5 47. Kxb5 f5 48. Kc4 a4 49. Kd3 Kf4 50. b4 axb3 51. a4 b2 52. Kc2 b1Q+ 53. Kxb1 Ke3 54. a5 f4 55. a6 f3 56. a7 f2 57. a8Q f1Q+ 58. Kb2 Qe2+ 59. Ka1 Qd1+ 60. Kb2 Qd4+ 61. Ka2 Qxh4 62. Qa7+ Kf3 63. Qf7+ Kg3 64. Qc7+ Qf4 65. Qc3+ Kg2 66. Qc6+ Qf3 67. Qg6+ Kh1 68. Qb1+ Kh2 69. Qb8+ Qg3 70. Qe8 h4 71. Ka1 h3 72. Qe2+ Qg2 73. Qe5+ Kh1 74. Qf5 h2 75. Kb1 Kg1 76. Qc5+ Qf2 77. Qg5+ Kf1 78. Qh6 Qe1+ 79. Ka2 Qe2+ 80. Kb1 Qe4+ 81. Ka2 h1Q 82. Qc1+ Qe1 83. Qf4+ Qf2+ 84. Qxf2+ Kxf2 85. Kb3 Qc6 86. Kb4 Ke3 87. Ka5 Qb7 88. Ka4 Kd3 89. Ka3 Kc3 90. Ka4 Qb4# 0-1

[Event "Madrid-ch Previa-A"]
[Site "Madrid"]
[Date "2009.11.11"]
[Round "5"]
[White "Montolio Benedicto, Cesar"]
[Black "Carrera Cabaneros, Francisco"]
[Result "1/2-1/2"]
[WhiteElo "1991"]
[BlackElo "1816"]
[PlyCount "80"]
[EventDate "2009.11.02"]
[EventType "swiss"]
[EventRounds "9"]
[EventCountry "ESP"]
[SourceTitle "EXT 2010"]
[Source "ChessBase"]
[SourceDate "2010.11.25"]
[SourceVersion "1"]
[SourceVersionDate "2010.11.25"]
[SourceQuality "1"]

1. e4 e5 2. Nf3 Nf6 3. Nxe5 d6 4. Nf3 Nxe4 5. Qe2 Qe7 6. d3 Nf6 7. Bg5 Be6 8. Nc3 h6 9. Bh4 g5 10. Bg3 Bg7 11. 0-0-0 Nc6 12. h3 0-0-0 13. d4 Nd5 14. Nxd5 Bxd5 15. Qxe7 Nxe7 16. c4 Bxf3 17. gxf3 Nf5 18. d5 Nd4 19. f4 Rde8 20. b3 Re7 21. Bd3 Rhe8 22. fxg5 hxg5 23. h4 Bh6 24. hxg5 Bxg5+ 25. Kb2 Ne2 26. Bh4 f6 27. Bxg5 fxg5 28. Rde1 b6 29. Bf5+ Kd8 30. Bg4 Nf4 31. Rxe7 Rxe7 32. Rh8+ Re8 33. Rxe8+ Kxe8 34. Kc3 a5 35. a3 Ke7 36. b4 axb4+ 37. axb4 Ng6 38. Kd4 Ne5 39. Be2 Nd7 40. Bg4 Ne5 1/2-1/2